01425nab a22002417a 4500999001500000003000400015005001700019008004100036040000700077100003100084245007800115260007300193300001200266500004500278505050600323505008900829650002300918650002900941650003200970650001701002773015101019942001301170 c5508d5508OSt20251210104419.0190604e xxu||||| |||| 00| 0 spa d cPJ 96435aGaray, Oscar Ernesto13aLa historia clínica tradicional (HC manuscrita) /cOscar Ernesto Garay. aCiudad Autónoma de Buenos Aires :bThomson Reuters La Ley, c2025. ap. 5-12 aCita Online: TR LALEY AR/DOC/1928/2025.  aSumario: I. La historia clínica (tradicional o manuscrita —en soporte papel—).— II. Historia clínica y ética médica.— III. La regulación de la historia clínica en la ley 26.529.— IV. Historia clínica. Definición.— V. Contenido.— VI. Historia clínica. Características.— VII. Titular de la historia clínica.— VIII. Requerimiento de copia de la HC por el titular. Autorizados.— IX. Copia de resguardo .— X. Habeas data.— XI. Soporte de la historia clínica. t¿Te interesa el texto completo? Solicitalo al correo: koha@justierradelfuego.gov.ar 09352aDERECHO CIVIL 095407aHISTORIA CLÍNICA 091467aRESPONSABILIDAD CIVIL 09252aÉTICA0 0271493171dCiudad Autónoma de Buenos Aires : Thomson Reuters La Ley, 2014-tRevista anales de legislación argentina. Nº 9 - Septiembre 2025. 2udccANA